Sinónimos - Geografía - Estadísticas

Estadísticas generales
  • Esta prueba ha sido intentada 20 veces
  • La puntuación promedio es 10 de 16
Estadísticas de respuestas
Palabra Sinónimo % Correcto
Océano Mar, piélago, ponto, charco.
100%
Montaña Monte, pico, elevación, promontorio, cadena, cordillera, macizo, serranía, sierra.
100%
Llanura Planicie, explanada, llano, llanada, meseta, sabana, pampa.
79%
Cascada Salto, catarata, chorrera.
79%
Territorio Comarca, estado, región, país, continente, zona, tierra, terreno, superficie.
74%
Bosque Arboleda, espesura, selva, jungla, soto, floresta, foresta, arbolado.
68%
Lago Laguna, pantano, embalse, balsa, albufera.
68%
Cueva Caverna, gruta, guarida, antro, madriguera.
58%
Frontera Límite, linde, lindero, término, borde, contorno.
58%
Acantilado Precipicio, despeñadero, escarpa, escarpadura, salto.
58%
Río Torrente, arroyo, riachuelo, riacho, afluente.
58%
Desfiladero Congosto, quebrada, garganta, cañada, puerto, cañón, vaguada, colada, paso.
47%
Desierto Páramo, erial, yermo, arenal, baldío, pampa.
47%
Isla Islote, atolón, cayo.
42%
Playa Costa, litoral, orilla, ribera, grao.
32%
Paisaje Panorama, vista, marco.
26%
No se encontraron pruebas coincidentes
Distribución de puntuación
Porcentaje de gente con cada puntuación
Porcentaje por número respondido
Historial de tus puntuaciones
No has intentado esta prueba.